MEDIA DEVELOPMENT, ANNO 29-N.1 (1982) (Record no. 154068)

MARC details
000 -LEADER
fixed length control field 00875nas a2200253Ia 4500
001 - CONTROL NUMBER
control field R123/45035
003 - CONTROL NUMBER IDENTIFIER
control field IT-RoPAU
008 - FIXED-LENGTH DATA ELEMENTS--GENERAL INFORMATION
fixed length control field 151124c99999999xx |||||||||||| ||und||
040 ## - CATALOGING SOURCE
Original cataloging agency IT-RoPAU
040 ## - CATALOGING SOURCE
Transcribing agency IT-RoPAU
041 ## - LANGUAGE CODE
Language code of text/sound track or separate title INGLESE
100 ## - MAIN ENTRY--PERSONAL NAME
Personal name Sullivan Raymond
Miscellaneous information Codice Aut. SPICS: 42367
210 ## - ABBREVIATED TITLE
Abbreviated title MEDIA DEVELOPMENT
222 ## - KEY TITLE
Key title Media Development
245 ## - TITLE STATEMENT
Title MEDIA DEVELOPMENT, ANNO 29-N.1 (1982)
Remainder of title Pop Music: Medium And Message
250 ## - EDITION STATEMENT
Edition statement 1a ed.
260 ## - PUBLICATION, DISTRIBUTION, ETC. (IMPRINT)
Place of publication, distribution, etc. LONDON
Name of publisher, distributor, etc. WORLD ASSOCIATION CHR. COMMUN.
Date of publication, distribution, etc. 1982
300 ## - PHYSICAL DESCRIPTION
Extent 3 p. [35-37]
362 ## - DATES OF PUBLICATION AND/OR SEQUENTIAL DESIGNATION
Dates of publication and/or sequential designation ANNO 029, N.01 (1982)
501 ## - WITH NOTE
-- Paulus - SPICS - Società San Paolo EM (non-commercial uses only)
-- Copyright2015
500 ## - GENERAL NOTE
General note Musica Pop: Mezzo e Messaggio. Traduzioni di Canti Pop. Composizione e Produzione di Canti Pop.
650 ## - SUBJECT ADDED ENTRY--TOPICAL TERM
Topical term or geographic name as entry element COMUNICAZIONE
Form subdivision PUBBLICAZIONE PERIODICA
942 ## - ADDED ENTRY ELEMENTS (KOHA)
Koha item type RIVISTA
Holdings
Withdrawn status Lost status Damaged status Not for loan Home library Current library Date acquired Total Checkouts Full call number Date last seen Price effective from Koha item type Public note
    Buone Condizioni Not For Loan SPICS-MEDIATECA SPICS-MEDIATECA 25/11/2015   R123/45035 25/11/2015 25/11/2015 RIVISTA Progr. Ins: 51301 / Copia rara: NO / date import: 25.11.2015 / By Epidotti, Trombetti, Vaglietti
CREDITS: SOCIETA' SAN PAOLO Via A.Severo, 58 - ROMA (RM) & PERIODICI SAN PAOLO SRL Via Giotto, 36 MILANO & CISF Via Giotto, 36 MILANO & EDIZIONI SAN PAOLO SRL,  Piazza Soncino, 5 CINISELLO BALSAMO (MI) -- ITALY